000 00463nam a2200181Ia 4500
008 240925s9999 xx 000 0 und d
020 _a71006753
082 _a621.381 BRO
100 _aBrophy ,James J.
245 0 _aBasic Electronics for Scientists
250 _a5th
260 _aNew York:
_bMcGraw-Hill
_c,1990.
300 _axx,617p.
_bNA
_fOriginal
500 _aIncludes Index
600 _aEngineering Technology
650 _aTechnology
942 _cBK
999 _c2586
_d2586